Textbook on The Bharatiya Nyaya Sanhita,2023/ (Record no. 215813)

MARC details
000 -LEADER
fixed length control field 00596nam a22001937a 4500
005 - DATE AND TIME OF LATEST TRANSACTION
control field 20260408095815.0
010 ## - LCCN (DPL NO)
LC control number ENG-148157
020 ## - INTERNATIONAL STANDARD BOOK NUMBER
Terms of availability 1495.00
International Standard Book Number 9789395116930
035 ## - SYSTEM CONTROL NUMBER
System control number EN-131689
037 ## - SOURCE OF ACQUISITION
Source of stock number/acquisition DBAD
Stock number DPL
082 ## - DEWEY DECIMAL CLASSIFICATION NUMBER
Classification number 345.40500
Edition number 9
100 ## - MAIN ENTRY--PERSONAL NAME
Personal name Gaur, K D
245 ## - TITLE STATEMENT
Title Textbook on The Bharatiya Nyaya Sanhita,2023/
Statement of responsibility, etc K D Gaur
250 ## - EDITION STATEMENT
Edition statement 9
260 ## - PUBLICATION, DISTRIBUTION, ETC. (IMPRINT)
Place of publication, distribution, etc Gurgaon
Name of publisher, distributor, etc Lexis Nexis
Date of publication, distribution, etc 2025
270 ## - ADDRESS
Address 14th Floor, Building No-10, Tower-B, DLF Cyber City, Phase-II
City Gurgaon
Postal code 122002
300 ## - PHYSICAL DESCRIPTION
Extent xc,1542p.:
Dimensions 24cm(pb)
942 ## - ADDED ENTRY ELEMENTS (KOHA)
Source of classification or shelving scheme Dewey Decimal Classification
Item type English Books
Call number suffix GAU
Classification part 345.40500
Edition 9
Holdings
Withdrawn status Lost status Not for loan Collection code Home library Current library Date acquired Source of acquisition Cost, normal purchase price Full call number Barcode Copy number Cost, replacement price Koha item type
    Not For Loan Non-fiction Sarojini Nagar Sarojini Nagar 08/04/2026 Delivery of Books Act Division 1495.00 GAU 345.40500 EN-131689 1 1495.00 English Books

© Delhi Public Library
Hit Counter
free hit counter